IGOs Headquarters - Statistics

General Stats
  • This quiz has been taken 13 times
  • The average score is 15 of 20
Answer Stats
Hint Answer % Correct
European Union (EU) Brussels
100%
North Atlantic Treaty Organization (NATO) Brussels
100%
Commonwealth of Nations London
100%
United Nations (UN) New York City
100%
World Trade Organization (WTO) (part of the UN) Geneva
88%
World Health Organization (WHO) (part of the UN) Geneva
88%
Association of Southeast Asian Nations (ASEAN) Jakarta
88%
Organization of Ibero-American States Madrid
88%
Gulf Cooperation Council (GCC) Riyadh
88%
International Court of Justice (ICJ) The Hague
88%
International Criminal Court (ICC) The Hague
88%
African Union (AU) Addis Ababa
75%
Arab League Cairo
75%
European Parliament (EP) (part of the EU) Strasbourg
63%
Organization of American States (OAS) Washington DC
63%
International Monetary Fund (IMF) Washington DC
63%
Caribbean Community (CARICOM) Georgetown
50%
Organization of Petroleum Exporting Countries (OPEC) Vienna
50%
International Atomic Energy Agency (IAEA) (part of the UN) Vienna
50%
International Criminal Police Organization (INTERPOL) Lyon
38%
No matching quizzes found
Score Distribution
Percent of People with Each Score
Percentile by Number Answered
Your Score History
You have not taken this quiz